[Event "San Sebastian op 33rd"]
[Site "San Sebastian"]
[Date "2010.04.01"]
[Round "6"]
[White "Campos Urbaneja, Ricardo"]
[Black "Benson, Nicola"]
[Result "1/2-1/2"]
[WhiteElo "1547"]
[BlackElo "1377"]
[PlyCount "110"]
[EventDate "2010.03.28"]
[EventType "swiss"]
[EventRounds "9"]
[EventCountry "ESP"]
[SourceTitle "CBM 135 Extra"]
[Source "ChessBase"]
[SourceDate "2010.05.04"]
[SourceVersion "1"]
[SourceVersionDate "2010.05.04"]
[SourceQuality "1"]

1. e4 d5 2. exd5 Nf6 3. Nf3 Nxd5 4. d4 g6 5. c3 Bg7 6. Bd3 0-0 7. 0-0 Nc6 8. Nbd2 e5 9. Nb3 Bg4 10. Be3 Re8 11. Be2 e4 12. Nfd2 Bxe2 13. Qxe2 f5 14. f4 Nf6 15. Nc4 a6 16. Rad1 Qe7 17. Ne5 Nxe5 18. dxe5 Ng4 19. Rd3 Rad8 20. Rfd1 Rxd3 21. Rxd3 Nxe3 22. Qxe3 Rd8 23. Rd4 Rxd4 24. Qxd4 Kf8 25. Nc5 c6 26. Qd6 Qxd6 27. exd6 Ke8 28. Nxb7 Kd7 29. Nc5+ Kxd6 30. Nxa6 c5 31. Kf2 Kd5 32. Ke3 Bf8 33. b3 c4 34. b4 Bd6 35. a4 Kc6 36. g3 Kb6 37. b5 Ka5 38. Kd4 Kxa4 39. b6 Ka5 40. Nb4 Kxb6 41. Nd5+ Kb5 42. Ke3 Bc5+ 43. Ke2 Ka4 44. h3 Kb3 45. g4 Ba3 46. gxf5 gxf5 47. Kd2 Bb2 48. Ne3 Bxc3+ 49. Ke2 Bb2 50. Nxf5 c3 51. Nd4+ Kc4 52. Ke3 Ba3 53. Kxe4 Bc5 54. Nc2 Kb3 55. Kd3 Be7 1/2-1/2

[Event "San Sebastian op 33rd"]
[Site "San Sebastian"]
[Date "2010.03.28"]
[Round "1"]
[White "Navarro Rivas, Rashid"]
[Black "Campos Urbaneja, Ricardo"]
[Result "1-0"]
[WhiteElo "2046"]
[BlackElo "1547"]
[PlyCount "81"]
[EventDate "2010.03.28"]
[EventType "swiss"]
[EventRounds "9"]
[EventCountry "ESP"]
[SourceTitle "CBM 135 Extra"]
[Source "ChessBase"]
[SourceDate "2010.05.04"]
[SourceVersion "1"]
[SourceVersionDate "2010.05.04"]
[SourceQuality "1"]

1. d4 d5 2. Nf3 Nf6 3. Bf4 e6 4. e3 c5 5. Nbd2 Nc6 6. c3 Bd6 7. Bg3 cxd4 8. cxd4 0-0 9. Bd3 Re8 10. Ne5 Bb4 11. 0-0 Bxd2 12. Nxc6 bxc6 13. Qxd2 Qb6 14. Rfc1 Ba6 15. Rc2 Bxd3 16. Qxd3 Rec8 17. Rac1 Ne4 18. Qa3 a5 19. Bd6 Ra6 20. f3 Nxd6 21. Qxd6 Qb7 22. f4 g6 23. Qe5 Rb6 24. b3 a4 25. bxa4 Rb1 26. h4 Rxc1+ 27. Rxc1 Qb2 28. Rf1 Qxa2 29. h5 gxh5 30. Qg5+ Kh8 31. Qf6+ Kg8 32. Rf3 h4 33. Qxh4 Qb1+ 34. Kh2 Qe4 35. Qh6 Kh8 36. Rg3 Qg6 37. Rxg6 fxg6 38. a5 Kg8 39. Qh4 Kf7 40. Qxh7+ Kf6 41. a6 1-0